[Event "CHN-chT 6th"]
[Site "China"]
[Date "2010.10.15"]
[Round "15"]
[White "Cai, Jiaying"]
[Black "Xu, Ruoyin"]
[Result "1-0"]
[WhiteElo "2068"]
[BlackElo "2028"]
[PlyCount "77"]
[EventDate "2010.04.16"]
[EventType "team-tourn"]
[EventRounds "18"]
[EventCountry "CHN"]
[SourceTitle "EXT 2011"]
[Source "ChessBase"]
[SourceDate "2010.11.26"]
[SourceVersion "1"]
[SourceVersionDate "2010.11.26"]
[SourceQuality "1"]

1. e4 e5 2. Nf3 Nc6 3. Bb5 a6 4. Ba4 Nf6 5. 0-0 Be7 6. Re1 b5 7. Bb3 d6 8. c3 0-0 9. d3 Na5 10. Bc2 c5 11. Nbd2 Re8 12. Nf1 Be6 13. Ng3 h6 14. h3 Nc6 15. d4 cxd4 16. cxd4 exd4 17. Nxd4 Nxd4 18. Qxd4 Rc8 19. Bb3 d5 20. e5 Nd7 21. Bf4 Bc5 22. Qd2 Qe7 23. a3 Nf8 24. Bc2 Ng6 25. Bxg6 fxg6 26. Be3 Qh4 27. Bxc5 Rxc5 28. Ne2 Kh7 29. Nf4 d4 30. g3 Qd8 31. Qb4 Rc4 32. Qd6 Qc8 33. Rad1 g5 34. Nxe6 Qxe6 35. Rxd4 Rxd4 36. Qxd4 Qxh3 37. Qe4+ Kh8 38. e6 g4 39. Qg6 1-0

[Event "CHN-chT 6th"]
[Site "China"]
[Date "2010.07.25"]
[Round "8"]
[White "Xu, Ruoyin"]
[Black "Le, Thanh Tu"]
[Result "1/2-1/2"]
[WhiteElo "2028"]
[BlackElo "2318"]
[PlyCount "91"]
[EventDate "2010.04.16"]
[EventType "team-tourn"]
[EventRounds "18"]
[EventCountry "CHN"]
[SourceTitle "EXT 2011"]
[Source "ChessBase"]
[SourceDate "2010.11.26"]
[SourceVersion "1"]
[SourceVersionDate "2010.11.26"]
[SourceQuality "1"]

1. d4 Nf6 2. c4 c5 3. d5 e6 4. Nc3 exd5 5. cxd5 d6 6. Nf3 g6 7. Bf4 a6 8. a4 Bg7 9. e3 0-0 10. h3 Qe7 11. Be2 Nbd7 12. a5 Rb8 13. Nd2 Ne8 14. Nc4 Ne5 15. Nb6 Nc7 16. 0-0 Bd7 17. Ra3 Bb5 18. Bg3 f5 19. Qb3 Bxe2 20. Nxe2 Rfe8 21. Nc3 Kh8 22. Rd1 Red8 23. Qa4 Na8 24. b4 Nxb6 25. axb6 cxb4 26. Qxb4 Rbc8 27. Ne2 Rc5 28. Ra5 Rc4 29. Qb3 Rdc8 30. Bxe5 Bxe5 31. Ra4 Rc2 32. Ra2 R2c5 33. Ra4 Qd8 34. e4 fxe4 35. Rxe4 Rb5 36. Qe3 Bf6 37. Re6 Kg7 38. Nf4 Qxb6 39. Nh5+ gxh5 40. Qg3+ Kf7 41. Qf4 Qd8 42. Rxd6 Qe7 43. Re6 Qd8 44. Rd6 Qe7 45. Re6 Qd8 46. Rd6 1/2-1/2

[Event "Wch U20 Girls"]
[Site "Istanbul"]
[Date "2005.11.22"]
[Round "13"]
[White "Mezioud, Amina"]
[Black "Xu, Ruoyin"]
[Result "1-0"]
[WhiteElo "1978"]
[BlackElo "2079"]
[PlyCount "81"]
[EventDate "2005.11.09"]
[EventType "swiss"]
[EventRounds "13"]
[EventCountry "TUR"]
[SourceTitle "CBM 109 Extra"]
[Source "ChessBase"]
[SourceDate "2006.01.03"]
[SourceVersion "2"]
[SourceVersionDate "2006.01.03"]
[SourceQuality "1"]

1. e4 e5 2. Nf3 Nc6 3. Bc4 Bc5 4. c3 Nf6 5. d3 a6 6. 0-0 Ba7 7. Bg5 0-0 8. Re1 h6 9. Bh4 d6 10. Nbd2 Na5 11. Qe2 Nxc4 12. Nxc4 g5 13. Nxg5 hxg5 14. Bxg5 Kg7 15. Ne3 c6 16. Rf1 Qe8 17. Kh1 Rh8 18. f4 Nh5 19. Qf3 Bxe3 20. Qxe3 exf4 21. Bxf4 Nxf4 22. Rxf4 Rh6 23. Raf1 Rg6 24. Qf2 Be6 25. Qd4+ Kf8 26. Qxd6+ Kg8 27. Qe5 Bxa2 28. Qh5 Qf8 29. c4 Qg7 30. Qh3 Rf8 31. b4 b5 32. cxb5 axb5 33. Qf3 Be6 34. Rc1 Ra8 35. g3 Ra2 36. Rh4 Bg4 37. Qf4 Ra1 38. Qb8+ Qf8 39. Rh8+ Kxh8 40. Qxf8+ Kh7 41. Rxa1 1-0

[Event "Wch U20 Girls"]
[Site "Istanbul"]
[Date "2005.11.13"]
[Round "5"]
[White "Xu, Ruoyin"]
[Black "Muhren, Bianca"]
[Result "0-1"]
[WhiteElo "2079"]
[BlackElo "2260"]
[PlyCount "130"]
[EventDate "2005.11.09"]
[EventType "swiss"]
[EventRounds "13"]
[EventCountry "TUR"]
[SourceTitle "CBM 109 Extra"]
[Source "ChessBase"]
[SourceDate "2006.01.03"]
[SourceVersion "2"]
[SourceVersionDate "2006.01.03"]
[SourceQuality "1"]

1. d4 Nf6 2. c4 c5 3. d5 e6 4. Nc3 exd5 5. cxd5 d6 6. e4 g6 7. f4 Bg7 8. Bb5+ Nfd7 9. Be2 a6 10. a4 0-0 11. Nf3 Re8 12. 0-0 Nf8 13. Kh1 Bg4 14. f5 Bxf3 15. Rxf3 Nbd7 16. fxg6 hxg6 17. Rh3 Ne5 18. Bf4 Bf6 19. Qd2 Nh7 20. Rf1 Bg5 21. Rg3 Bh4 22. Rh3 Bg5 23. Qe3 Bxf4 24. Rxf4 Qe7 25. Rfh4 Ng5 26. Rg3 f6 27. Rf4 Kg7 28. h4 Rh8 29. Kg1 Ngf7 30. h5 g5 31. Rf1 Rab8 32. Qf2 Nh6 33. Nd1 b5 34. axb5 axb5 35. Ne3 b4 36. Nf5+ Nxf5 37. Qxf5 Ra8 38. Rh3 Rh6 39. Rd1 Qd7 40. Qf1 Qa7 41. Kh1 Qa2 42. Rb1 Ra7 43. g4 Rc7 44. Qc1 Ra7 45. Rg3 Ra8 46. Kh2 Rhh8 47. Qf1 Qa4 48. Bd1 Qd7 49. Be2 Qe7 50. Qf5 Qd7 51. Qf1 Ng6 52. Kg1 Nf4 53. Bb5 Qe7 54. Qf3 Qe5 55. Re1 Qxb2 56. Rd1 Ra3 57. Qf2 Nh3+ 58. Rxh3 Qxf2+ 59. Kxf2 Rxh3 60. Ra1 Ra3 61. Rb1 Rha8 62. Bc4 Rc3 63. Be2 Ra2 64. Kf1 Rh3 65. Kg2 Re3 0-1